MARC details
| 000 -CABECERA |
| campo de control de longitud fija |
02587nam a2200385 a 4500 |
| 003 - IDENTIFICADOR DEL NÚMERO DE CONTROL |
| campo de control |
DO-SdBNP |
| 005 - FECHA Y HORA DE LA ÚLTIMA TRANSACCIÓN |
| campo de control |
20221122134018.0 |
| 007 - CAMPO FIJO DE DESCRIPCIÓN FÍSICA--INFORMACIÓN GENERAL |
| campo de control de longitud fija |
ta |
| 008 - DATOS DE LONGITUD FIJA--INFORMACIÓN GENERAL |
| campo de control de longitud fija |
221122e19802020sp ac||gre||| 001 pdspa d |
| 020 ## - NÚMERO INTERNACIONAL ESTÁNDAR DEL LIBRO |
| Número Internacional Estándar del Libro |
9798782949075, v.4 |
| 020 ## - NÚMERO INTERNACIONAL ESTÁNDAR DEL LIBRO |
| Número Internacional Estándar del Libro |
9798782686673, v.5-A |
| 020 ## - NÚMERO INTERNACIONAL ESTÁNDAR DEL LIBRO |
| Número Internacional Estándar del Libro |
9798782884017, v.5-B |
| 020 ## - NÚMERO INTERNACIONAL ESTÁNDAR DEL LIBRO |
| Número Internacional Estándar del Libro |
97987780893297, v.6 |
| 020 ## - NÚMERO INTERNACIONAL ESTÁNDAR DEL LIBRO |
| Número Internacional Estándar del Libro |
9798451353912, v.7 |
| 040 ## - FUENTE DE LA CATALOGACIÓN |
| Centro catalogador/agencia de origen |
DO-SdBNP |
| Lengua de catalogación |
spa |
| Centro/agencia transcriptor |
BNPHU |
| 082 #4 - NÚMERO DE LA CLASIFICACIÓN DECIMAL DEWEY |
| Número de edición |
22 |
| Número de documento/Ítem |
M516o |
| 100 1# - ENTRADA PRINCIPAL--NOMBRE DE PERSONA |
| 9 (RLIN) |
25501 |
| Nombre de persona |
Mejía, Manuel Antonio |
| Término indicativo de función/relación |
1967- |
| 245 10 - MENCIÓN DE TÍTULO |
| Título |
Obra poética completa: |
| Resto del título |
[1980 - 1982]. / |
| Mención de responsabilidad, etc. |
Manuel Antonio Mejía |
| 260 ## - PUBLICACIÓN, DISTRIBUCIÓN, ETC. |
| Lugar de publicación, distribución, etc. |
Madrid, España : |
| Nombre del editor, distribuidor, etc. |
[s.n.], |
| Fecha de publicación, distribución, etc. |
2022 |
| 300 ## - DESCRIPCIÓN FÍSICA |
| Extensión |
4 v. : |
| Otras características físicas |
il., retr. ; |
| Dimensiones |
29 cm. |
| 500 ## - NOTA GENERAL |
| Nota general |
La Biblioteca posee los volúmenes, 4, 5, 6 y 7. |
| 500 ## - NOTA GENERAL |
| Nota general |
v.5 contiene dos libros; v.5 A y v.5 B. |
| 500 ## - NOTA GENERAL |
| Nota general |
Incluye datos biográficos del autor p. 443 - 451 del (v.4) |
| 505 ## - NOTA DE CONTENIDO CON FORMATO |
| Nota de contenido con formato |
v.4, 1980 - 1982. |
| Información miscelánea |
Prólogos (2011- 2020). (Prosas Poética 1980 - 1982). |
| Título |
Alumbrar Literario.-- Inédito de mi Juventud: Contempla los Escritos sueltos.-- |
| -- |
1. Relatos de un muchacho (1980).-- |
| -- |
2. Versos al Vuelo de las Águilas (1980).-- |
| -- |
3. Gorriones Corriendo Junto al Sueño (1982). |
| 505 ## - NOTA DE CONTENIDO CON FORMATO |
| Nota de contenido con formato |
v.5: [1990 - 2000]: Sobre el Cimiento de las Obras. |
| Título |
1. El Idioma de la Soledad (1985).-- |
| -- |
2. Catorce años de Frío el Día Veintitrés del Once del Noventa y Uno (1990 - 1991) |
| -- |
3. La Palabra Más Grande de este Mundo (1992 ),-- |
| -- |
4. Carne de los Sueños (1987 - 1991).-- |
| -- |
5. Dos para más [(1988 -1989) (1990 - 1995) (1985 - 2000), (200 - 2010) (2010 - 2020)].-- |
| -- |
6. La Noche Descalza (1989 - 1994).-- |
| 505 ## - NOTA DE CONTENIDO CON FORMATO |
| Nota de contenido con formato |
v.6: [2000 - 2010]: Sobre el Cimiento de las Obras. |
| Título |
1. Mi Ejército (2003 - 2005).-- |
| -- |
2. Verbo amar (2005 - 2006).-- |
| -- |
3. Promesa (2000).-- |
| -- |
4. Un Diluvio de Sueños (2010 ).-- |
| -- |
5. Melodía Anterior y Dorada (2010...).-- |
| -- |
6. Verbo Volar (2010...).-- |
| -- |
7. el Turno de la Luna, 2010...2015 ( Obra Aneja). |
| 505 ## - NOTA DE CONTENIDO CON FORMATO |
| Nota de contenido con formato |
v.7 : [2010 - 2020]: Sobre el Cimiento de las Obras. |
| Título |
1. Mieles de Otros MUndos (2010 - 2016).-- |
| -- |
2. Convergen las olas (2010).-- |
| -- |
3. El Ser humano de mi Voz (2010 - 2014).-- |
| -- |
4. Elegía para un Ombligo que se parece a Venus (2011 - 2012).-- |
| -- |
5. Fabricarte con mis Besos (20147 - 2020). |
| 590 ## - NOTA LOCAL (RLIN) |
| Nota local |
Inventariado 2022 / MF |
| 600 #4 - PUNTO DE ACCESO ADICIONAL DE MATERIA--NOMBRE DE PERSONA |
| 9 (RLIN) |
25501 |
| Nombre de persona |
Mejía, Manuel Antonio |
| Título de la obra |
Obra Poética Completa |
| Subdivisión de forma |
Autobiografía |
| Subdivisión geográfica |
República Dominicana |
| 650 #4 - PUNTO DE ACCESO ADICIONAL DE MATERIA--TÉRMINO DE MATERIA |
| Término de materia o nombre geográfico como elemento de entrada |
Literatura |
| Subdivisión general |
República Dominicana |
| 9 (RLIN) |
81604 |
| 650 #4 - PUNTO DE ACCESO ADICIONAL DE MATERIA--TÉRMINO DE MATERIA |
| 9 (RLIN) |
9729 |
| Término de materia o nombre geográfico como elemento de entrada |
Poesía |
| Subdivisión general |
Colecciones |
| Subdivisión geográfica |
República Dominicana |
| 650 #4 - PUNTO DE ACCESO ADICIONAL DE MATERIA--TÉRMINO DE MATERIA |
| 9 (RLIN) |
39335 |
| Término de materia o nombre geográfico como elemento de entrada |
Prosa Poética |
| Subdivisión general |
Colecciones |
| Subdivisión geográfica |
República Dominicana |
| 910 ## - DATOS DE OPCIÓN DEL USUARIO (OCLC) |
| Datos de opción del usuario |
MFeliz |
| 942 ## - ELEMENTOS DE PUNTO DE ACCESO ADICIONAL (KOHA) |
| Fuente del sistema de clasificación o colocación |
Dewey Decimal Classification |
| Tipo de ítem Koha |
Libro |